Tratado de arboricultura frutal
Salvato in:
| Autore principale: | |
|---|---|
| Natura: | Libro |
| Lingua: | spagnolo |
| Pubblicazione: |
Madrid
Mundi Prensa
1998
|
| Edizione: | 4a. ed |
| Soggetti: | |
| Tags: |
Aggiungi Tag
Nessun Tag, puoi essere il primo ad aggiungerne!!
|
MARC
| LEADER | 00000nam a2200000 a 4500 | ||
|---|---|---|---|
| 001 | UCN4404 | ||
| 003 | CL-VaPUC | ||
| 008 | 010803e19980000SP |||||||||||||||||spa|d | ||
| 020 | |a 8449103363o.c | ||
| 020 | |a 844910338Xv.2 | ||
| 082 | 0 | 4 | |a 634.04 |b GIL |2 21 |
| 100 | |a Gil-Albert Velarde, Fernando |e autor |9 600550 | ||
| 245 | 1 | 0 | |a Tratado de arboricultura frutal |
| 250 | |a 4a. ed | ||
| 300 | |a v | ||
| 942 | |c BK | ||
| 945 | |d 20010803 00:00:00 |a vberengu | ||
| 260 | |a Madrid |b Mundi Prensa |c 1998 | ||
| 500 | |a v.1: Morfología y Fisiología del árbol frutal | ||
| 500 | |a v.2: La Ecología del árbol frutal | ||
| 650 | 0 | |a Árboles frutales |9 264297 | |
| 650 | 7 | |a FRUTO |2 CL-VaPUC |9 395992 | |
| 650 | 0 | |a Fruticultura |9 259678 | |
| 650 | 0 | |a Árboles frutales |x Morfología |9 460768 | |
| 650 | 0 | |a Arboles frutales fisiología |9 326025 | |
| 583 | |a last modification |c 20010803 00:00:00 |k Rodrigo Vera | ||
| 999 | |c 296649 |d 296647 | ||
| 952 | |0 0 |1 0 |4 0 |6 634_040000000000000_GIL_1998 |7 0 |8 R |9 350642 |a BIBAGR |b BIBAGR |d 2019-11-20 |h v.2 |i 3743292 |o 634.04 GIL 1998 |p 3743292 |r 2025-01-20 |w 2019-11-20 |y BK_R |k AGR | ||
| 952 | |0 0 |1 0 |4 0 |6 634_040000000000000_GIL_1998 |7 0 |8 R |9 350643 |a BIBAGR |b BIBAGR |d 2019-11-20 |h v.2 |i 4621131 |o 634.04 GIL 1998 |p 4621131 |r 2025-01-20 |w 2019-11-20 |y BK_R |k AGR | ||
| 952 | |0 0 |1 0 |4 0 |6 634_040000000000000_GIL_1998 |7 0 |8 R |9 350644 |a BIBAGR |b BIBAGR |d 2019-11-20 |h v.2 |i 462114K |o 634.04 GIL 1998 |p 462114K |r 2025-01-20 |w 2019-11-20 |y BK_R |k AGR | ||
| 952 | |0 0 |1 0 |4 0 |6 634_040000000000000_GIL_1998 |7 0 |8 R |9 350645 |a BIBAGR |b BIBAGR |d 2019-11-20 |h v.2 |i 4621158 |o 634.04 GIL 1998 |p 4621158 |r 2025-01-20 |w 2019-11-20 |y BK_R |k AGR | ||
| 952 | |0 0 |1 0 |4 0 |6 634_040000000000000_GIL_1998 |7 0 |8 R |9 350646 |a BIBAGR |b BIBAGR |d 2019-11-20 |h v.2 |i 4621166 |o 634.04 GIL 1998 |p 4621166 |r 2025-01-20 |w 2019-11-20 |y BK_R |k AGR | ||
| 952 | |0 0 |1 0 |4 0 |6 634_040000000000000_GIL_1998 |7 0 |8 R |9 350647 |a BIBAGR |b BIBAGR |d 2019-11-20 |h v.2 |i 4621174 |o 634.04 GIL 1998 |p 4621174 |r 2025-01-20 |w 2019-11-20 |y BK_R |k AGR | ||